00696nam a2200241 a 4500001001300000003000900013005001700022008004100039020002300080082001500103100002100118245003200139260003900171300000900210500003500219505001000254650002100264700002100285902000800306942000700314952011600321999001700437nice12345678IN_TiNIC20260116014435.0050524s2003 jaia grp 000 0 eng  a8170331 c45000a305.3bKUU aKuumba, M Bahati aGender and Social Movements aJaipur bRawat Publications c2003 a188p aincludes index and biblioraphy2 aIndex aGender Relations1 aKuumba, M Bahati bSRS cBK 001040708StackRoom-aHMIbHMId2013-09-03g450.00l0o305.3 KUUp020805r2013-09-03v450.00w2005-05-24yBK c15330d15330